000 00789cam a22002411 4500
001 s 13000058
003 DLC
005 20260227111910.0
008 780223s1860 dcua f000 0 eng c
010 _as 13000058
035 _a(OCoLC)3664068
040 _aSmithsonian Inst. Library
_cNGenoU
_dNGenoU
_dDLC
042 _apremarc
043 _an------
050 0 0 _aQ11
_b.S68
100 1 _aWhittlesey, Charles,
_d1808-1886.
245 1 0 _aOn fluctuations of level in the North American lakes.
_cBy Charles Whittlesey.
260 _a[Washington,
_bSmithsonian Institution,
_c1860]
300 _a25 p.
_bdiagrs.
_c33 cm.
490 0 _aSmithsonian contributions to knowledge. [vol. XII, art. 3]
490 0 _aSmithsonian Institution publication 119.
650 0 _aLakes
_zNorth America.
999 _c52626
_d52626